00170nam a2200073Ia 4500008004100000082000800041100001400049245003300063240331s9999 xx 000 0 und d bBAL aBalan,K.N 0aIlanthai pazhathth puzhukkal